[Event "Wch U20 Girls Blitz"]
[Site "Pula"]
[Date "2023.10.15"]
[Round "6"]
[White "Vanduyfhuys, Daria"]
[Black "Maione, Melissa"]
[Result "1-0"]
[WhiteElo "2088"]
[BlackElo "1931"]
[PlyCount "87"]
[EventDate "2023.10.14"]
[EventType "swiss (blitz)"]
[EventRounds "11"]
[EventCountry "ITA"]
[SourceTitle "Mega2024 Update 01"]
[Source "Chessbase"]
[SourceDate "2023.11.12"]
[SourceVersion "1"]
[SourceVersionDate "2023.11.12"]
[SourceQuality "1"]

1. d4 Nf6 2. c4 c5 3. d5 e6 4. Nc3 exd5 5. cxd5 d6 6. e4 g6 7. h3 Bg7 8. Nf3 0-0 9. Bd3 a6 10. a4 Nbd7 11. 0-0 Re8 12. Bf4 Qc7 13. Rc1 Rb8 14. Re1 c4 15. Bc2 Nh5 16. Be3 Nc5 17. Bd4 Bh6 18. Be3 Bg7 19. Bd4 Nf4 20. Bxg7 Kxg7 21. Qd4+ Kg8 22. Qxc4 Qe7 23. b4 Nd7 24. Ne2 Nh5 25. Ned4 Ne5 26. Nxe5 Qxe5 27. Nf3 Qf6 28. Qd4 Qd8 29. e5 dxe5 30. Rxe5 Nf6 31. Rce1 Bd7 32. Rxe8+ Nxe8 33. Bb3 Nd6 34. Qe5 Be8 35. Qe7 Qb6 36. Qh4 Nf5 37. Qe4 Bd7 38. a5 Qc7 39. Qe5 Qd8 40. Nd4 Ng7 41. d6 Rc8 42. Qe7 Ne8 43. Qxf7+ Kh8 44. Qf8# 1-0

[Event "ITA-chT (Women)"]
[Site "Bacoli"]
[Date "2023.04.27"]
[Round "1.3"]
[White "Buffa, Elena"]
[Black "Maione, Melissa"]
[Result "0-1"]
[WhiteElo "1629"]
[BlackElo "2028"]
[PlyCount "66"]
[EventDate "2023.04.25"]
[EventType "team-tourn"]
[EventRounds "7"]
[EventCountry "ITA"]
[SourceTitle "CBM 214 Extra"]
[Source "ChessBase"]
[SourceDate "2023.07.31"]
[SourceVersion "1"]
[SourceVersionDate "2023.07.31"]
[SourceQuality "1"]

1. d4 Nf6 2. c4 g6 3. Nf3 Bg7 4. Nc3 d5 5. Bg5 Ne4 6. Bf4 Nxc3 7. bxc3 dxc4 8. Qa4+ c6 9. Qxc4 Be6 10. Qd3 b5 11. g3 Nd7 12. Qc2 0-0 13. Bg2 Rc8 14. 0-0 Qb6 15. a4 a6 16. Qc1 Bc4 17. Re1 c5 18. Qa3 b4 19. dxc5 bxa3 20. cxb6 Bxc3 21. b7 Rc5 22. Bh3 f5 23. Red1 Bxe2 24. Ng5 Bxd1 25. Rxd1 a2 26. Rxd7 a1Q+ 27. Bf1 Be5 28. Ne6 Bxf4 29. gxf4 Rc1 30. Nxf8 Rxf1+ 31. Kg2 Rg1+ 32. Kf3 Qc3+ 33. Ke2 Re1# 0-1

[Event "Mitropa Cup (Women)"]
[Site "Mali Losinj"]
[Date "2023.04.18"]
[Round "8.15"]
[White "Maione, Melissa"]
[Black "Stoeri, Laura"]
[Result "0-1"]
[WhiteElo "1968"]
[BlackElo "2075"]
[PlyCount "80"]
[EventDate "2023.04.11"]
[EventType "team-tourn"]
[EventRounds "9"]
[EventCountry "CRO"]
[SourceTitle "CBM 213 Extra"]
[Source "ChessBase"]
[SourceDate "2023.05.31"]
[SourceVersion "1"]
[SourceVersionDate "2023.05.31"]
[SourceQuality "1"]
[WhiteTeam "Italy (W)"]
[BlackTeam "Switzerland (W)"]
[WhiteTeamCountry "ITA"]
[BlackTeamCountry "SUI"]

1. e4 c5 2. Nf3 Nc6 3. d4 cxd4 4. Nxd4 Nf6 5. Nc3 e5 6. Ndb5 d6 7. Bg5 a6 8. Na3 b5 9. Bxf6 gxf6 10. Nd5 Bg7 11. Bd3 Ne7 12. c3 Nxd5 13. exd5 f5 14. 0-0 0-0 15. Re1 e4 16. Bf1 b4 17. cxb4 Bxb2 18. Rb1 Bg7 19. Nc4 Re8 20. Qd2 Bb7 21. Rb3 Qf6 22. Rg3 Kh8 23. Nb6 Rad8 24. Ra3 f4 25. Nc4 Bh6 26. Qd1 Qf5 27. Rh3 Bg7 28. Nb6 Re5 29. Bc4 Rde8 30. Qc2 h6 31. Kf1 f3 32. Rg3 h5 33. h4 Bh6 34. b5 axb5 35. Bxb5 R8e7 36. Qb2 Kh7 37. Qc2 fxg2+ 38. Kxg2 Bxd5 39. Nxd5 Rxd5 40. Bc4 Rd2 0-1

[Event "Mitropa Cup (Women)"]
[Site "Mali Losinj"]
[Date "2023.04.17"]
[Round "7.7"]
[White "Voriskova, Anna"]
[Black "Maione, Melissa"]
[Result "0-1"]
[WhiteElo "1998"]
[BlackElo "1968"]
[PlyCount "66"]
[EventDate "2023.04.11"]
[EventType "team-tourn"]
[EventRounds "9"]
[EventCountry "CRO"]
[SourceTitle "CBM 213 Extra"]
[Source "ChessBase"]
[SourceDate "2023.05.31"]
[SourceVersion "1"]
[SourceVersionDate "2023.05.31"]
[SourceQuality "1"]
[WhiteTeam "Czech Republic (W)"]
[BlackTeam "Italy (W)"]
[WhiteTeamCountry "CZE"]
[BlackTeamCountry "ITA"]

1. e4 c5 2. Nf3 Nc6 3. Bb5 g6 4. Bxc6 dxc6 5. d3 Bg7 6. h3 Nf6 7. Nc3 Nd7 8. Be3 e5 9. Qd2 h6 10. 0-0 b6 11. a3 Nf8 12. b4 Ne6 13. bxc5 f5 14. exf5 gxf5 15. Qe1 0-0 16. cxb6 axb6 17. Rb1 b5 18. Bd2 Qf6 19. Ne2 Qg6 20. Kh1 f4 21. Neg1 Qf6 22. Bc3 Nd4 23. Nxd4 exd4 24. Bb4 Rf7 25. Qe8+ Bf8 26. Rbe1 Bxh3 27. Qxa8 Bxg2+ 28. Kxg2 f3+ 29. Kh2 Qf4+ 30. Kh3 Qf5+ 31. Kh2 Qg4 32. Nxf3 Qh5+ 33. Kg1 Rg7+ 0-1

[Event "Mitropa Cup (Women)"]
[Site "Mali Losinj"]
[Date "2023.04.14"]
[Round "4.3"]
[White "Motycakova, Monika"]
[Black "Maione, Melissa"]
[Result "1-0"]
[WhiteElo "2090"]
[BlackElo "1968"]
[PlyCount "119"]
[EventDate "2023.04.11"]
[EventType "team-tourn"]
[EventRounds "9"]
[EventCountry "CRO"]
[SourceTitle "CBM 213 Extra"]
[Source "ChessBase"]
[SourceDate "2023.05.31"]
[SourceVersion "1"]
[SourceVersionDate "2023.05.31"]
[SourceQuality "1"]
[WhiteTeam "Slovakia (W)"]
[BlackTeam "Italy (W)"]
[WhiteTeamCountry "SVK"]
[BlackTeamCountry "ITA"]

1. e4 c5 2. c3 d5 3. exd5 Qxd5 4. d4 Nc6 5. Nf3 Bf5 6. Be3 cxd4 7. Nxd4 Nf6 8. Nxf5 Qxf5 9. Bd3 Qd5 10. 0-0 0-0-0 11. Be2 Qxd1 12. Rxd1 Rxd1+ 13. Bxd1 Nd5 14. Bc1 e6 15. g3 Bc5 16. a4 Rd8 17. Be2 Na5 18. Nd2 Be7 19. Kf1 f5 20. Rb1 Bf6 21. Nf3 Nb3 22. Ke1 h6 23. Bc4 Nc5 24. a5 Ne4 25. Be3 Kb8 26. Bd4 Rd6 27. Ne5 Nc7 28. f3 Ng5 29. Ke2 Nh7 30. Rd1 h5 31. f4 Nd5 32. Bb5 Nc7 33. Bc4 Nd5 34. Rd2 a6 35. h4 Kc7 36. Bb3 Kc8 37. Ba4 Nc7 38. b4 Nf8 39. Nf7 Rd5 40. Bb3 Rd7 41. Ne5 Rd8 42. c4 Ng6 43. Ba4 Ne7 44. Ke3 Ng8 45. Nf7 Rf8 46. Nd6+ Kb8 47. Bd1 Be7 48. Bxg7 Rd8 49. Be5 Bxd6 50. Rxd6 Rxd6 51. Bxd6 Nf6 52. Bf3 Kc8 53. Bxc7 Kxc7 54. Kd4 Ng4 55. Bxg4 fxg4 56. Kc5 Kd7 57. b5 Kc7 58. Kd4 Kd6 59. c5+ Kc7 60. b6+ 1-0

[Event "EU-ch (Women) 23rd"]
[Site "Petrovac"]
[Date "2023.03.23"]
[Round "6"]
[White "Kostina, Veronika"]
[Black "Maione, Melissa"]
[Result "1-0"]
[WhiteElo "1855"]
[BlackElo "2028"]
[PlyCount "73"]
[EventDate "2023.03.18"]
[EventType "swiss"]
[EventRounds "11"]
[EventCountry "MNE"]
[SourceTitle "CBM 213 Extra"]
[Source "ChessBase"]
[SourceDate "2023.05.31"]
[SourceVersion "1"]
[SourceVersionDate "2023.05.31"]
[SourceQuality "1"]

1. e4 c5 2. Nc3 Nc6 3. Bb5 Nd4 4. Bc4 a6 5. Nf3 e6 6. Nxd4 cxd4 7. Ne2 b5 8. Bb3 Bc5 9. 0-0 Ne7 10. d3 0-0 11. Bg5 f6 12. Bd2 Kh8 13. Ng3 d5 14. Qh5 e5 15. f4 f5 16. exf5 e4 17. dxe4 d3+ 18. Kh1 dxe4 19. Nxe4 Rxf5 20. Ng5 h6 21. Nf7+ Kh7 22. Qxf5+ Bxf5 23. Nxd8 Rxd8 24. cxd3 Rxd3 25. Bc3 b4 26. Be5 Rd2 27. Rad1 Re2 28. Bc4 Rc2 29. Bxa6 Ng6 30. Rc1 Rxc1 31. Rxc1 Be3 32. Rc7 Nxe5 33. fxe5 Bf4 34. Rc4 Bd2 35. Bc8 Bg6 36. e6 Kg8 37. Rd4 1-0

[Event "Bassano del Grappa Vergani Cup"]
[Site "Bassano del Grappa"]
[Date "2023.02.05"]
[Round "9"]
[White "Maione, Melissa"]
[Black "Mazzi, Leonardo"]
[Result "1-0"]
[WhiteElo "2070"]
[BlackElo "1814"]
[PlyCount "91"]
[EventDate "2023.02.01"]
[EventType "swiss"]
[EventRounds "9"]
[EventCountry "ITA"]
[SourceTitle "CBM 212 Extra"]
[Source "ChessBase"]
[SourceDate "2023.03.31"]
[SourceVersion "1"]
[SourceVersionDate "2023.03.31"]
[SourceQuality "1"]

1. e4 c5 2. Nf3 d6 3. d4 cxd4 4. Nxd4 a6 5. c4 Nf6 6. Nc3 e6 7. Be2 b6 8. 0-0 Bb7 9. f3 Be7 10. Be3 Nbd7 11. Qd2 Rc8 12. Rac1 Qc7 13. Rfd1 Qb8 14. b4 0-0 15. Nb3 Rfe8 16. Qe1 d5 17. c5 bxc5 18. bxc5 Nxc5 19. Nxc5 Bxc5 20. Bxc5 Rxc5 21. Nxd5 exd5 22. Rxc5 dxe4 23. Qc3 exf3 24. Bxf3 Bxf3 25. Qxf3 Ne4 26. Rc4 Qb6+ 27. Kf1 Qb5 28. Qd3 Qf5+ 29. Kg1 Qf2+ 30. Kh1 f5 31. Qd5+ Kf8 32. Rc7 Ng5 33. Qd6+ Kg8 34. Re7 Rf8 35. Qe5 Nf7 36. Qe6 Qc2 37. Re1 g6 38. Qxa6 Qf2 39. a4 f4 40. Qf6 g5 41. a5 g4 42. a6 h5 43. a7 Qa2 44. Qg6+ Kh8 45. Re8 Qa3 46. a8Q 1-0

[Event "Bassano del Grappa Vergani Cup"]
[Site "Bassano del Grappa"]
[Date "2023.02.03"]
[Round "4"]
[White "Lilja, Richard"]
[Black "Maione, Melissa"]
[Result "1/2-1/2"]
[WhiteElo "2019"]
[BlackElo "2070"]
[PlyCount "67"]
[EventDate "2023.02.01"]
[EventType "swiss"]
[EventRounds "9"]
[EventCountry "ITA"]
[SourceTitle "CBM 212 Extra"]
[Source "ChessBase"]
[SourceDate "2023.03.31"]
[SourceVersion "1"]
[SourceVersionDate "2023.03.31"]
[SourceQuality "1"]

1. f4 d5 2. Nf3 Nf6 3. e3 g6 4. Be2 Bg7 5. 0-0 0-0 6. d3 c6 7. Qe1 Nbd7 8. Nc3 Re8 9. Ne5 Qc7 10. Nxd7 Qxd7 11. Nd1 e5 12. fxe5 Rxe5 13. b3 Qe7 14. Bb2 Re6 15. Bf3 Bh6 16. Qh4 Bg7 17. Re1 Bd7 18. Nf2 Re8 19. e4 dxe4 20. Nxe4 Nxe4 21. Qxe7 R6xe7 22. Bxg7 Nd2 23. Rxe7 Nxf3+ 24. gxf3 Rxe7 25. Bd4 a6 26. Kf2 Bf5 27. a4 Rd7 28. Bb6 f6 29. Re1 Kf7 30. Bc5 h5 31. Re3 g5 32. Bb4 g4 33. Bc3 Re7 34. b4 1/2-1/2

[Event "ITA-ch (Women) 81st"]
[Site "Cagliari"]
[Date "2022.11.17"]
[Round "1"]
[White "Sedina, Elena"]
[Black "Maione, Melissa"]
[Result "0-1"]
[WhiteElo "2197"]
[BlackElo "1928"]
[PlyCount "53"]
[EventDate "2022.11.17"]
[EventType "tourn"]
[EventRounds "7"]
[EventCountry "ITA"]
[SourceTitle "CBM 211 Extra"]
[Source "ChessBase"]
[SourceDate "2023.01.31"]
[SourceVersion "1"]
[SourceVersionDate "2023.01.31"]
[SourceQuality "1"]

1. e4 c5 2. Nf3 Nc6 3. Bb5 g5 4. Nxg5 Nf6 5. Bxc6 dxc6 6. d3 Rg8 7. e5 h6 8. Nf3 Nd5 9. Kf1 Be6 10. h3 Qd7 11. Nc3 0-0-0 12. Ne4 b6 13. Bd2 Nb4 14. Ng3 Bg7 15. a3 Nd5 16. Qc1 Qc7 17. c4 Bxe5 18. cxd5 Bxd5 19. Nxe5 Qxe5 20. Qe1 Qxb2 21. Kg1 h5 22. Bf4 e6 23. h4 f6 24. Ne4 Rg4 25. Bg3 Bxe4 26. dxe4 Rd2 27. Kh2 0-1

[Event "ITA-ch sf 81st"]
[Site "Acqui Terme"]
[Date "2022.06.17"]
[Round "7"]
[White "Gioseffi, Massimiliano"]
[Black "Maione, Melissa"]
[Result "0-1"]
[WhiteElo "2136"]
[BlackElo "1926"]
[PlyCount "80"]
[EventDate "2022.06.12"]
[EventType "swiss"]
[EventRounds "9"]
[EventCountry "ITA"]
[SourceTitle "CBM 208 Extra"]
[Source "ChessBase"]
[SourceDate "2022.07.31"]
[SourceVersion "1"]
[SourceVersionDate "2022.07.31"]
[SourceQuality "1"]

1. d4 Nf6 2. c4 c5 3. d5 e6 4. Nc3 exd5 5. cxd5 d6 6. Nf3 g6 7. Bf4 Bg7 8. Qa4+ Bd7 9. Qb3 b5 10. Nxb5 Bxb5 11. Qxb5+ Nbd7 12. Bxd6 Ne4 13. Be5 0-0 14. Bxg7 Kxg7 15. Qd3 f5 16. Rd1 Rb8 17. Qc2 Ndf6 18. h3 Qa5+ 19. Nd2 Qxa2 20. Nc4 Rb4 21. e3 Rfb8 22. Be2 Rxb2 23. Nxb2 Rxb2 24. Qc4 Qa5+ 25. Kf1 Nd2+ 26. Rxd2 Qxd2 27. g4 Rb1+ 28. Kg2 Rxh1 29. Kxh1 Ne4 30. Qb5 Qe1+ 31. Bf1 Qxf2 32. Qd7+ Kh6 33. g5+ Nxg5 34. Bg2 Qxe3 35. d6 Qe1+ 36. Kh2 f4 37. Qe7 Qg3+ 38. Kh1 f3 39. Bf1 Qf2 40. Bc4 Qg2# 0-1

[Event "ITA-ch (Women) 80th"]
[Site "Chianciano Terme"]
[Date "2021.12.11"]
[Round "7"]
[White "Bordin, Silvia"]
[Black "Maione, Melissa"]
[Result "0-1"]
[WhiteElo "1960"]
[BlackElo "1866"]
[PlyCount "104"]
[EventDate "2021.12.04"]
[EventType "tourn"]
[EventRounds "7"]
[EventCountry "ITA"]
[SourceTitle "CBM 205 Extra"]
[Source "ChessBase"]
[SourceDate "2022.01.31"]
[SourceVersion "1"]
[SourceVersionDate "2022.01.31"]
[SourceQuality "1"]

1. e4 c5 2. Nf3 Nc6 3. d4 cxd4 4. Nxd4 Nf6 5. Nc3 e5 6. Ndb5 d6 7. Bg5 a6 8. Na3 b5 9. Nd5 Be7 10. Bxf6 Bxf6 11. c4 b4 12. Nc2 0-0 13. h4 a5 14. g3 g6 15. Be2 Bg7 16. g4 Be6 17. Qd3 Nd4 18. Nxd4 exd4 19. Nf4 Qd7 20. Rg1 Rfc8 21. Nxe6 fxe6 22. g5 Rf8 23. Bg4 Qf7 24. f3 d5 25. cxd5 exd5 26. Qb3 Rae8 27. 0-0-0 dxe4 28. Qxf7+ Rxf7 29. fxe4 Rxe4 30. Rde1 Rfe7 31. Kd2 Rxe1 32. Rxe1 Rxe1 33. Kxe1 Be5 34. Kf2 d3 35. Ke3 Bxb2 36. Kxd3 Be5 37. Ke4 Bc3 38. Be6+ Kg7 39. Kf3 a4 40. Kg4 Kf8 41. Bc4 b3 42. axb3 a3 43. b4 Bxb4 44. h5 Ke7 45. Ba2 Kd6 46. hxg6 hxg6 47. Bb1 Kc5 48. Ba2 Kd4 49. Kf3 Bd2 50. Ke2 Bxg5 51. Kd1 Kc3 52. Bf7 Kb2 0-1